| 000 | 00711nam a22001937a 4500 | ||
|---|---|---|---|
| 005 | 20150124120331.0 | ||
| 008 | 101029t mx||||| |||| 00| 0 spa d | ||
| 020 | _a9709836056 | ||
| 050 | 0 | 4 |
_aKGF7790 .2 _bM37 2008 |
| 100 | 1 | _aMarín Tello, Isabel | |
| 245 | 1 | 0 |
_aDelitos, pecados y castigos : _bJusticia penal y orden social, 1750-1810 / _cIsabel Marín Tello |
| 250 | _a1a ed. | ||
| 260 |
_aMéxico : _bUniversidad Michoacana de San Nicolás de Hidalgo, _c2008. |
||
| 300 |
_a335 p. ; _c22 cm. |
||
| 504 |
_aIncluye índice _bBibliografía : p. 315-334 |
||
| 650 | 7 |
_2LEMB _aTransgresiones _xDerecho penal _zMichoacán |
|
| 650 | 4 |
_2LEMB _aProceso judicial _xHistoria _y1750-1810 _zMichoacán |
|
| 942 |
_2lcc _cLIB |
||
| 999 |
_c3541 _d3541 |
||